Le top 15 des villes les plus dangereuses au monde - Statistiques

Statistiques générales
  • Ce quiz a été pris 133 fois
  • Le résultat moyen est 5 sur 15
Statistiques - réponses
Hint Hint Réponse % Correct
8 Brésil Rio de Janeiro
88%
1 Venezuela Caracas
71%
5 Afrique du Sud Johannesburg
68%
7 Afghanistan Kaboul
63%
2 Afrique du Sud Pretoria
54%
15 Etats-Unis Detroit
46%
4 Papouasie Nouvelle-Guinée Port Moresby
28%
13 Argentine Rosario
19%
3 Afrique du Sud Durban
17%
12 Etats-Unis Baltimore
13%
9 Brésil Fortaleza
12%
10 Brésil Natal
11%
11 Afrique du Sud Port Elizabeth
10%
6 Honduras San Pedro sula
9%
14 Etats-Unis Memphis
6%
Aucun quiz correspondant
Distribution des résultats
% des personnes avec chaque résultat
Percentile par nombre de réponses
Votre historique - résultats
Vous n’avez pas pris ce quiz